| 000 | 00731nam a22002177a 4500 | ||
|---|---|---|---|
| 003 | JO-AjAnu | ||
| 005 | 20251021123947.0 | ||
| 008 | 251018b jo ||||| |||| 00| 0 ara d | ||
| 020 | _a978-9957-94-693-7 | ||
| 022 | _a4956/8/2021 | ||
| 040 |
_aANU _cJO-AjAnu |
||
| 041 | _hARA | ||
| 100 |
_aغنام، غنام _eمؤلف _966859 |
||
| 245 |
_aموجز تاريخ المسرح الأردني 1918-2006 _c / بحث وإعداد غنام غنام |
||
| 260 |
_aعمان : _bوزارة الثقافة، _c2021 |
||
| 300 | _a95 صفحة | ||
| 490 | _aالقراءة للجميع؛ 15 رقم الاصدار 823 | ||
| 500 | _aيتضمن على جداول | ||
| 650 | _vالمسرح-الأردن-تاريخ | ||
| 942 |
_2lcc _cBK _n0 |
||
| 999 |
_c34112 _d34112 |
||